| 000 | 00462nam a2200181Ia 4500 | ||
|---|---|---|---|
| 003 | GCL | ||
| 008 | 140319s9999 xx 000 0 eng d | ||
| 040 |
_aGCL / _cGCL |
||
| 082 | 0 | 4 |
_a745.5941 _bE I |
| 100 | 1 | _aATTER, ROBERT A B | |
| 245 | 1 | 0 |
_aTOKENS OF LOVE / _cATTER, ROBERT A B |
| 260 |
_a[S.N] : _bABBEVILLE PRESS PUBLISHERS ، _c1990 |
||
| 300 | _a132 | ||
| 650 | 0 | 4 | _aCARDS |
| 650 | 0 | 4 | _aDECORATIVE ARTS |
| 650 | 0 | 4 | _aLOVE - FOLKLORE |
| 942 |
_2ddc _cBK |
||
| 999 |
_c10328 _d10328 |
||